[Event "Lake Sevan 2016"]
[Site "Martuni ARM"]
[Date "2016.07.18"]
[Round "1.2"]
[White "Gabuzyan, Hovhannes"]
[Black "Vidit, Santosh Gujrathi"]
[Result "0-1"]
[WhiteTitle "GM"]
[BlackTitle "GM"]
[WhiteElo "2607"]
[BlackElo "2658"]
[WhiteFideId "13303732"]
[BlackFideId "5029465"]
[EventDate "2016.07.18"]

1. Nf3 c5 2. e4 Nc6 3. d4 cxd4 4. Nxd4 Nf6 5. Nc3 e5 6. Ndb5 d6 7. Bg5 a6 8. Na3
b5 9. Nd5 Be7 10. Bxf6 Bxf6 11. c4 b4 12. Nc2 a5 13. Qf3 Be6 14. Nxf6+ Qxf6 15.
Qxf6 gxf6 16. Bd3 Ke7 17. Kd2 a4 18. g3 Ra5 19. f4 Rc5 20. b3 Ra8 21. f5 Bd7 22.
a3 Na5 23. axb4 Nxb3+ 24. Kc3 Nxa1 25. Rxa1 Rcc8 26. Na3 Bc6 27. b5 Bb7 28. Kb4
h5 29. Nb1 Rg8 30. Nc3 h4 31. gxh4 Rg2 32. Rxa4 Rb2+ 33. Ka3 Rxh2 34. Nd5+ Kd8
35. b6 Rh3 36. Nb4 Bxe4 37. Rxa8+ Bxa8 38. Ka4 e4 39. Be2 Rh2 40. Bh5 e3 41. Kb5
Rb2 42. c5 dxc5 43. Kxc5 e2 0-1

[Event "Lake Sevan 2016"]
[Site "Martuni ARM"]
[Date "2016.07.18"]
[Round "1.3"]
[White "Ter-Sahakyan, Samvel"]
[Black "Anton Guijarro, David"]
[Result "1-0"]
[WhiteTitle "GM"]
[BlackTitle "GM"]
[WhiteElo "2605"]
[BlackElo "2627"]
[WhiteFideId "13302531"]
[BlackFideId "2285525"]
[EventDate "2016.07.18"]

1. e4 e6 2. d4 d5 3. Nc3 Nf6 4. Bg5 dxe4 5. Nxe4 Be7 6. Bxf6 gxf6 7. Nf3 f5 8.
Nc3 Qd6 9. Qe2 a6 10. g3 b5 11. Bg2 Bb7 12. O-O Bf6 13. Rad1 Nd7 14. d5 b4 15.
dxe6 Qxe6 16. Nd4 Qxe2 17. Ncxe2 O-O-O 18. b3 Rhe8 19. Nf4 Be5 20. Nxf5 Bxf4 21.
gxf4 Nf6 22. Bxb7+ Kxb7 23. Kg2 Nd5 24. Kf3 Nc3 25. Rxd8 Rxd8 26. Rg1 Rd5 27.
Ne3 Rh5 28. Rg7 f6 29. Rf7 Rxh2 30. f5 h5 31. Kg3 Rh1 32. Kg2 Rh4 33. Rxf6 Rf4
34. Rh6 h4 35. Rg6 a5 36. Rg4 h3+ 37. Kxh3 Rxf2 38. Kg3 Rd2 39. Kf3 Rd8 40. Rf4
c5 41. f6 Kc6 42. f7 Rf8 43. Kg4 Nb5 44. Kg5 Nd6 45. Kg6 Nxf7 46. Rxf7 Re8 47.
Rf6+ Kc7 48. Nc4 a4 49. Rf5 Kc6 50. Ne5+ 1-0

[Event "Lake Sevan 2016"]
[Site "Martuni ARM"]
[Date "2016.07.18"]
[Round "1.4"]
[White "Artemiev, Vladislav"]
[Black "Onischuk, Vladimir"]
[Result "1-0"]
[WhiteTitle "GM"]
[BlackTitle "GM"]
[WhiteElo "2653"]
[BlackElo "2615"]
[WhiteFideId "24101605"]
[BlackFideId "14114038"]
[EventDate "2016.07.18"]

1. e4 e6 2. d4 d5 3. Nd2 Nf6 4. e5 Nfd7 5. Bd3 c5 6. c3 Nc6 7. Ne2 cxd4 8. cxd4
f6 9. exf6 Nxf6 10. O-O Bd6 11. Nf3 Qc7 12. Bg5 O-O 13. Bh4 Nh5 14. Qc2 h6 15.
Bh7+ Kh8 16. Bg6 Nf4 17. Nxf4 Rxf4 18. Bg3 Rxf3 19. gxf3 Qe7 20. Rad1 Bd7 21.
Qc3 Rf8 22. Bb1 Kg8 23. Rfe1 Rf6 24. Qd3 g6 25. Re3 Be8 26. Bc2 Bf4 27. Re2 g5
28. Qc3 Bh5 29. Rde1 Qf7 30. Ba4 Nd8 31. b4 Kg7 32. b5 Bg6 33. Bb3 Bxg3 34. fxg3
Rxf3 35. Re3 Rxe3 36. Rxe3 Qf5 37. Rf3 Qg4 38. Bd1 Qh3 39. Bc2 Bxc2 40. Qc7+ Kg6
41. Qxc2+ 1-0

[Event "Lake Sevan 2016"]
[Site "Martuni ARM"]
[Date "2016.07.18"]
[Round "1.5"]
[White "Pashikian, Arman"]
[Black "Hovhannisyan, Robert"]
[Result "1/2-1/2"]
[WhiteTitle "GM"]
[BlackTitle "GM"]
[WhiteElo "2615"]
[BlackElo "2640"]
[WhiteFideId "13301578"]
[BlackFideId "13302507"]
[EventDate "2016.07.18"]

1. d4 d5 2. c4 c6 3. Nc3 Nf6 4. e3 e6 5. b3 Bb4 6. Bb2 Ne4 7. Ne2 O-O 8. Qc2 Qf6
9. Ng3 Nxc3 10. Bxc3 Bxc3+ 11. Qxc3 c5 12. cxd5 cxd4 13. Qxd4 Qxd4 14. exd4 exd5
15. O-O-O Bg4 16. f3 Bd7 17. Kb2 Re8 18. Nh5 Kf8 19. Nf4 Bc6 20. Bd3 Nd7 21.
Rhe1 h6 22. h4 Rxe1 23. Rxe1 Re8 24. Rh1 Ke7 25. Kc3 Kd6 26. Kd2 Nf8 27. g4 Ne6
28. Nxe6 Kxe6 29. Re1+ Kf6 30. f4 Rxe1 31. g5+ Ke7 32. Kxe1 Bd7 33. Kf2 1/2-1/2

[Event "Lake Sevan 2016"]
[Site "Martuni ARM"]
[Date "2016.07.19"]
[Round "2.1"]
[White "Vidit, Santosh Gujrathi"]
[Black "Ter-Sahakyan, Samvel"]
[Result "1/2-1/2"]
[WhiteTitle "GM"]
[BlackTitle "GM"]
[WhiteElo "2658"]
[BlackElo "2605"]
[WhiteFideId "5029465"]
[BlackFideId "13302531"]
[EventDate "2016.07.18"]

1. d4 d5 2. c4 c6 3. Nf3 Nf6 4. e3 e6 5. b3 a5 6. a3 Bd6 7. Nc3 Ne4 8. Nxe4 dxe4
9. Nd2 f5 10. c5 Bc7 11. Bb2 Qe7 12. Nc4 Nd7 13. Qc2 O-O 14. O-O-O Nf6 15. h3
Bd7 16. g4 Be8 17. gxf5 exf5 18. Rg1 Nd5 19. Ne5 Bf7 20. Be2 Be6 21. Rg2 Rf6 22.
Rdg1 Raf8 23. Bc4 Rh6 24. Rg3 Bxe5 25. dxe5 Rf7 26. Bxd5 cxd5 27. f4 exf3 28.
Rxf3 Rh4 29. Rgf1 Qg5 30. Kb1 f4 31. Ka1 Rxh3 32. Rxh3 Bxh3 33. Rxf4 Qg1+ 34.
Ka2 Qxe3 35. Rxf7 Kxf7 36. Qxh7 Be6 37. Qh5+ Kf8 38. Qh8+ Kf7 39. Qh5+ Kf8 40.
Qh8+ Kf7 1/2-1/2

[Event "Lake Sevan 2016"]
[Site "Martuni ARM"]
[Date "2016.07.19"]
[Round "2.2"]
[White "Anton Guijarro, David"]
[Black "Artemiev, Vladislav"]
[Result "1/2-1/2"]
[WhiteTitle "GM"]
[BlackTitle "GM"]
[WhiteElo "2627"]
[BlackElo "2653"]
[WhiteFideId "2285525"]
[BlackFideId "24101605"]
[EventDate "2016.07.18"]

1. e4 c5 2. Nf3 d6 3. Bb5+ Nd7 4. O-O a6 5. Bd3 g6 6. c3 Bg7 7. Bc2 Ne5 8. Nxe5
dxe5 9. a4 b6 10. d3 Nf6 11. Nd2 O-O 12. Nc4 Nd7 13. Be3 Bb7 14. b4 cxb4 15.
cxb4 Rc8 16. Qd2 b5 17. Na5 Ba8 18. Rfc1 e6 19. axb5 axb5 20. Nb3 Re8 21. Bd1
Bf8 22. Be2 Rxc1+ 23. Rxc1 Qb8 24. f3 Rd8 25. Qc3 Bb7 26. Nc5 Nxc5 27. Bxc5 Rc8
28. d4 exd4 29. Qxd4 Bh6 30. Rd1 Bc6 31. g3 Be8 32. Qd6 Qxd6 33. Bxd6 Bf8 34.
Bxf8 Kxf8 35. Kf2 Rc2 36. Rb1 e5 37. Ke3 Ke7 38. h4 Ra2 39. Bd3 Bd7 40. Rc1 Rb2
41. Rb1 Ra2 42. Rc1 Ra4 43. Rb1 Ra3 44. Ke2 f6 45. g4 h6 46. Rh1 h5 47. gxh5
gxh5 48. Rg1 Kf7 49. Rc1 Ra4 50. Rb1 Ke7 51. Rb2 Ra3 52. Bc2 Bh3 53. Bb3 f5 54.
exf5 Kf6 55. Bd5 Bxf5 56. Bc6 Bd3+ 57. Kf2 Kf5 58. Be8 Kf4 59. Bxh5 Bc4 60. Kg2
Ra8 61. Bg6 Bd5 62. Rf2 Rg8 63. h5 Bf7 64. Re2 Bd5 65. Rf2 Rg7 66. Rf1 Rg8 67.
Rf2 Ke3 68. Rf1 Kf4 1/2-1/2

[Event "Lake Sevan 2016"]
[Site "Martuni ARM"]
[Date "2016.07.19"]
[Round "2.4"]
[White "Sevian, Samuel"]
[Black "Hovhannisyan, Robert"]
[Result "1-0"]
[WhiteTitle "GM"]
[BlackTitle "GM"]
[WhiteElo "2595"]
[BlackElo "2640"]
[WhiteFideId "2040506"]
[BlackFideId "13302507"]
[EventDate "2016.07.18"]

1. e4 e5 2. Nf3 Nc6 3. Bb5 Nf6 4. d3 Bc5 5. Bxc6 dxc6 6. Qe2 Bd6 7. Nbd2 Be6 8.
h3 h6 9. b3 Nd7 10. Bb2 Qf6 11. Nh2 h5 12. Nhf1 Nf8 13. Ne3 Ng6 14. h4 Nf4 15.
Qf1 Bd7 16. g3 Ne6 17. O-O-O Nd4 18. f4 c5 19. Ndc4 O-O-O 20. Nd5 Qh6 21. Kb1
exf4 22. gxf4 Bc6 23. Nxd6+ Qxd6 24. Ne3 Kb8 25. Rg1 g6 26. Rg5 Rhe8 27. Nc4 Qf8
28. f5 Bd7 29. fxg6 fxg6 30. Ne5 Bc8 31. Qxf8 Rxf8 32. Nxg6 Rg8 33. Bxd4 cxd4
34. Rdg1 Bg4 35. Ne5 Be6 36. Nd7+ Kc8 37. Nf6 Rxg5 38. Rxg5 Rf8 39. Nxh5 Kd7 40.
Ng7 Rf1+ 41. Kb2 Bf7 42. Nf5 c5 43. Nh6 Kd6 44. Rg7 Be8 45. Nf5+ Kc6 46. h5 Bd7
47. Ne7+ 1-0

[Event "Lake Sevan 2016"]
[Site "Martuni ARM"]
[Date "2016.07.19"]
[Round "2.5"]
[White "Onischuk, Vladimir"]
[Black "Pashikian, Arman"]
[Result "1-0"]
[WhiteTitle "GM"]
[BlackTitle "GM"]
[WhiteElo "2615"]
[BlackElo "2615"]
[WhiteFideId "14114038"]
[BlackFideId "13301578"]
[EventDate "2016.07.18"]

1. e4 e5 2. Nf3 Nc6 3. Bc4 Bc5 4. d3 Nf6 5. O-O d6 6. c3 h6 7. Nbd2 O-O 8. Bb3
a6 9. h3 Re8 10. Re1 Be6 11. Bc2 d5 12. exd5 Bxd5 13. Nh4 g6 14. Nhf3 Bf8 15.
Ne4 Nh5 16. g4 Nf6 17. Be3 Be6 18. Qd2 Kh7 19. Rad1 Nd5 20. d4 exd4 21. Bxd4
Nxd4 22. Nxd4 Qh4 23. Nxe6 fxe6 24. c4 Bb4 25. Qd4 Bxe1 26. Rxe1 Qxh3 27. Bd1 c5
28. Qe5 Qh4 29. cxd5 exd5 30. Qxd5 Qe7 31. Ng5+ 1-0

[Event "Lake Sevan 2016"]
[Site "Martuni ARM"]
[Date "2016.07.20"]
[Round "3.1"]
[White "Gabuzyan, Hovhannes"]
[Black "Sevian, Samuel"]
[Result "1-0"]
[WhiteTitle "GM"]
[BlackTitle "GM"]
[WhiteElo "2607"]
[BlackElo "2595"]
[WhiteFideId "13303732"]
[BlackFideId "2040506"]
[EventDate "2016.07.18"]

1. Nf3 d5 2. g3 c6 3. Bg2 Bg4 4. O-O Nd7 5. d4 e6 6. Nbd2 Ngf6 7. Re1 Be7 8. e4
dxe4 9. Nxe4 O-O 10. Nxf6+ Bxf6 11. c3 a5 12. Qb3 Bxf3 13. Bxf3 Qb6 14. Qc2 Rfe8
15. Be3 Qc7 16. h4 Be7 17. Rad1 h6 18. Kg2 Rad8 19. a3 Nf6 20. c4 Bf8 21. g4 Nd7
22. g5 hxg5 23. hxg5 g6 24. Qe4 Bg7 25. Qh4 c5 26. d5 Ne5 27. Be2 exd5 28. cxd5
c4 29. Rh1 Rd6 30. Rd4 f5 31. gxf6 Bxf6 32. Qh3 Qd7 33. Re4 Qxh3+ 34. Rxh3 Red8
35. f4 Nd3 36. Bg4 Nxb2 37. Be6+ Kg7 38. f5 g5 39. Rg4 Nd3 40. Rxc4 R6d7 41. d6
Ne5 42. Rc7 Kf8 43. Bxd7 Nxd7 44. Rh7 Ne5 45. Bxg5 1-0

[Event "Lake Sevan 2016"]
[Site "Martuni ARM"]
[Date "2016.07.20"]
[Round "3.3"]
[White "Artemiev, Vladislav"]
[Black "Vidit, Santosh Gujrathi"]
[Result "1/2-1/2"]
[WhiteTitle "GM"]
[BlackTitle "GM"]
[WhiteElo "2653"]
[BlackElo "2658"]
[WhiteFideId "24101605"]
[BlackFideId "5029465"]
[EventDate "2016.07.18"]

1. c4 e5 2. Nc3 Bb4 3. Nd5 Bc5 4. Nf3 c6 5. Nc3 d6 6. e3 Bb4 7. Qc2 Nf6 8. Be2
O-O 9. d4 Re8 10. Bd2 Bg4 11. dxe5 dxe5 12. O-O-O Nbd7 13. Ng5 Bxe2 14. Nxe2
Bxd2+ 15. Rxd2 h6 16. h4 Qc7 17. Ng3 Nc5 18. N5e4 Nfxe4 19. Nxe4 Nxe4 20. Qxe4
Rad8 21. Rhd1 Rxd2 22. Rxd2 Rd8 23. a3 Rxd2 24. Kxd2 h5 25. b4 g6 26. Ke2 Kf8
27. g4 hxg4 28. Qxg4 b6 29. h5 gxh5 30. Qxh5 Qd6 31. Qf5 Ke7 32. Kf3 Qd1+ 33.
Kg3 Qg1+ 34. Kh4 f6 35. Qf3 Qf1 36. Qxc6 Qxf2+ 37. Kh5 Qf5+ 38. Kh6 Qh3+ 39. Kg7
Qg3+ 40. Kh7 Qh3+ 41. Kg7 Qg4+ 42. Kh7 Qh5+ 43. Kg7 Qg5+ 44. Kh7 Qh5+ 45. Kg7
Qg5+ 46. Kh7 1/2-1/2

[Event "Lake Sevan 2016"]
[Site "Martuni ARM"]
[Date "2016.07.20"]
[Round "3.5"]
[White "Hovhannisyan, Robert"]
[Black "Onischuk, Vladimir"]
[Result "1-0"]
[WhiteTitle "GM"]
[BlackTitle "GM"]
[WhiteElo "2640"]
[BlackElo "2615"]
[WhiteFideId "13302507"]
[BlackFideId "14114038"]
[EventDate "2016.07.18"]

1. e4 c6 2. d4 d5 3. e5 Bf5 4. Be2 e6 5. Nf3 c5 6. Be3 cxd4 7. Nxd4 Ne7 8. Nd2
Nbc6 9. N2f3 Be4 10. O-O Bxf3 11. Nxf3 Nf5 12. Bf4 Be7 13. Bd3 g5 14. Bxf5 exf5
15. Bc1 h6 16. Nd4 Qd7 17. b3 O-O 18. Bb2 Bc5 19. Nxc6 bxc6 20. c4 Rad8 21. cxd5
cxd5 22. Rc1 Bb6 23. a4 f4 24. b4 Rfe8 25. Qh5 Qxa4 26. Qxh6 Re6 27. Qxg5+ Rg6
28. Qxf4 d4 29. Qd2 Qb3 30. Kh1 Kg7 31. f4 Rh8 32. Rf3 Qd5 33. Qd3 Rh4 34. Rg1
Kf8 35. h3 Rgg4 36. Bc1 Rg6 37. Bd2 Rc6 38. b5 Rc4 39. Rc1 Rxc1+ 40. Bxc1 1-0

[Event "Lake Sevan 2016"]
[Site "Martuni ARM"]
[Date "2016.07.21"]
[Round "4.1"]
[White "Sevian, Samuel"]
[Black "Onischuk, Vladimir"]
[Result "1-0"]
[WhiteTitle "GM"]
[BlackTitle "GM"]
[WhiteElo "2595"]
[BlackElo "2615"]
[WhiteFideId "2040506"]
[BlackFideId "14114038"]
[EventDate "2016.07.18"]

1. e4 d6 2. d4 Nf6 3. Nc3 g6 4. Be3 c6 5. Qd2 Nbd7 6. Nf3 e5 7. Bc4 h6 8. O-O
Ng4 9. h3 Nxe3 10. fxe3 Qe7 11. Nxe5 dxe5 12. Rxf7 Qg5 13. Qf2 Be7 14. g3 Rf8
15. h4 Qg4 16. Rd1 Rxf7 17. Qxf7+ Kd8 18. Kh2 exd4 19. Be6 Qh5 20. exd4 Nf6 21.
d5 cxd5 22. Nxd5 Qe2+ 23. Kh3 Bxe6+ 24. Qxe6 Nxd5 25. Rxd5+ Ke8 26. Qxg6+ 1-0

[Event "Lake Sevan 2016"]
[Site "Martuni ARM"]
[Date "2016.07.21"]
[Round "4.2"]
[White "Anton Guijarro, David"]
[Black "Hovhannisyan, Robert"]
[Result "1/2-1/2"]
[WhiteTitle "GM"]
[BlackTitle "GM"]
[WhiteElo "2627"]
[BlackElo "2640"]
[WhiteFideId "2285525"]
[BlackFideId "13302507"]
[EventDate "2016.07.18"]

1. d4 d5 2. c4 c6 3. Nf3 Nf6 4. Nc3 dxc4 5. a4 Bf5 6. e3 e6 7. Bxc4 Bb4 8. O-O
Nbd7 9. Nh4 Bg4 10. f3 Bh5 11. e4 h6 12. g4 g5 13. Ng2 Bg6 14. Be3 e5 15. Qb3
Qe7 16. d5 a5 17. Rad1 O-O 18. h4 Kg7 19. h5 Bh7 20. Rf2 Rfd8 21. Rfd2 Nc5 22.
Qa2 Rd7 23. Bf2 cxd5 24. Nxd5 Qd8 25. Re2 Ne6 26. Qa1 Nxd5 27. Bxd5 Rc8 28. Kh1
Qf6 29. Bxe6 Qxe6 30. Ne3 Rdc7 31. b3 Rc3 32. Kg2 Rxb3 33. Nd5 Rc4 34. Qa2 Rxf3
35. Kxf3 Bxe4+ 36. Rxe4 Rxe4 37. Kxe4 Qxg4+ 38. Kxe5 Qxd1 39. Bd4 Qxh5 40. Nxb4
axb4 41. Kd6+ Kg8 42. Qd5 Qh2+ 43. Kc5 Qc2+ 44. Kxb4 Qb1+ 45. Kc5 Qc2+ 46. Kb4
Qb1+ 47. Ka3 Qd3+ 48. Kb4 1/2-1/2

[Event "Lake Sevan 2016"]
[Site "Martuni ARM"]
[Date "2016.07.21"]
[Round "4.3"]
[White "Vidit, Santosh Gujrathi"]
[Black "Pashikian, Arman"]
[Result "1/2-1/2"]
[WhiteTitle "GM"]
[BlackTitle "GM"]
[WhiteElo "2658"]
[BlackElo "2615"]
[WhiteFideId "5029465"]
[BlackFideId "13301578"]
[EventDate "2016.07.18"]

1. d4 Nf6 2. c4 e6 3. Nf3 d5 4. Nc3 Be7 5. g3 O-O 6. Bg2 dxc4 7. Ne5 c5 8. dxc5
Qxd1+ 9. Nxd1 Bxc5 10. Nc3 Rd8 11. O-O Be7 12. Nb5 Nd5 13. Nxc4 Bd7 14. a4 Na6
15. Ne3 Bc6 16. Nxd5 Bxd5 17. Bxd5 exd5 18. Rd1 Nb4 19. Bd2 Nc6 20. Be3 Rd7 21.
Nd4 Bf6 22. Nxc6 bxc6 23. Rac1 Rd6 24. b4 h6 25. Rc5 Re6 26. b5 cxb5 27. Rxb5
Re4 28. a5 d4 29. Rb4 Rd8 30. Kf1 Re5 31. Bf4 Re6 32. Rb7 a6 33. Rc1 Rd5 34. Bc7
d3 35. exd3 Rxd3 36. Bb6 Bc3 37. Ra7 Bd4 38. Rxa6 Kh7 39. Rc4 Rd2 40. Rxd4 Rxd4
41. Bxd4 Rxa6 42. Bb6 Kg6 43. Ke2 Kf5 44. Kf3 1/2-1/2

[Event "Lake Sevan 2016"]
[Site "Martuni ARM"]
[Date "2016.07.21"]
[Round "4.4"]
[White "Duda, Jan-Krzysztof"]
[Black "Artemiev, Vladislav"]
[Result "1-0"]
[WhiteTitle "GM"]
[BlackTitle "GM"]
[WhiteElo "2671"]
[BlackElo "2653"]
[WhiteFideId "1170546"]
[BlackFideId "24101605"]
[EventDate "2016.07.18"]

1. e4 c5 2. Nf3 e6 3. d4 cxd4 4. Nxd4 a6 5. c4 Nf6 6. Nc3 Qc7 7. Be2 d6 8. O-O
b6 9. Be3 Bb7 10. f3 Be7 11. Qd2 O-O 12. Rfc1 Rc8 13. Kh1 Nbd7 14. a4 Rab8 15.
b4 Qd8 16. Nb3 Ba8 17. a5 bxa5 18. Nxa5 Rxb4 19. Nb5 axb5 20. Qxb4 bxc4 21. Rxc4
Rb8 22. Qa4 d5 23. Nc6 Bxc6 24. Rxc6 dxe4 25. fxe4 h6 26. Bf4 Rb2 27. Bf3 Nf8
28. Rd1 Qe8 29. Qa6 Ra2 30. Qxa2 Qxc6 31. e5 Nd5 32. Bxd5 exd5 33. Qxd5 Qa4 34.
Rf1 Ne6 35. Be3 Bd8 36. Qf3 Qd7 37. h3 Bc7 38. Qa8+ Bd8 39. Qe4 Qb5 40. Qf3 Qd7
41. Rd1 Qa4 42. Qg4 Qxg4 43. hxg4 f6 44. exf6 Bxf6 45. Kg1 Kf7 46. Kf2 Ng5 47.
Rd5 Kg6 48. Ra5 Ne4+ 49. Ke2 Ng5 50. Kf2 Ne4+ 51. Kf3 Ng5+ 52. Kg3 Ne4+ 53. Kf4
Ng5 54. Ra6 Nf7 55. Bd4 Ng5 56. Bb2 Nf7 57. Bc3 Ng5 58. Bb4 Nf7 59. Be7 Ng5 60.
Rc6 Nf7 61. Rb6 Ng5 62. Ra6 Nf7 63. Ke4 Kg5 64. Ra7 Kg6 65. Bf8 Ne5 66. Kf4 Nd3+
67. Kg3 Ne5 68. Bd6 Nf7 69. Bf4 Ng5 70. Ra6 Nf7 71. Kf3 Ng5+ 72. Ke3 Kf7 73. Kd3
Ne6 74. Be3 Ng5 75. Kc4 Ne6 76. Ra7+ Kg6 77. Kd5 Ng5 78. Ra5 Nf7 79. Ke6 Ng5+
80. Kd7 Nf7 81. Bf4 Ng5 82. Ke8 Ne4 83. Ra4 Ng5 84. Bd2 Ne6 85. Be3 Ng5 86. Kf8
Ne6+ 87. Kg8 Ng5 88. Ra6 Ne4 89. Ra4 Ng5 90. Bd4 Ne4 91. Ra6 Kg5 92. Ra4 Bxd4
93. Rxd4 Nf6+ 94. Kxg7 Nxg4 95. Rd3 h5 96. Rd5+ Kh4 97. Kg6 Kg3 98. Rg5 Kf4 99.
Kxh5 1-0

[Event "Lake Sevan 2016"]
[Site "Martuni ARM"]
[Date "2016.07.21"]
[Round "4.5"]
[White "Gabuzyan, Hovhannes"]
[Black "Ter-Sahakyan, Samvel"]
[Result "0-1"]
[WhiteTitle "GM"]
[BlackTitle "GM"]
[WhiteElo "2607"]
[BlackElo "2605"]
[WhiteFideId "13303732"]
[BlackFideId "13302531"]
[EventDate "2016.07.18"]

1. Nf3 d5 2. g3 Bg4 3. Bg2 c6 4. O-O Nf6 5. d4 e6 6. Nbd2 Be7 7. Re1 O-O 8. e4
Bh5 9. c3 h6 10. Qb3 Qc7 11. Ne5 Nbd7 12. f4 Rfd8 13. Nxd7 Qxd7 14. e5 Ne8 15.
Nf1 Nc7 16. Be3 a5 17. Qc2 a4 18. Bh3 Bg6 19. Qf2 a3 20. b3 h5 21. Rac1 b6 22.
Red1 Rac8 23. Bg2 Na6 24. Qe2 Qb7 25. Bf3 h4 26. g4 c5 27. Qg2 b5 28. Qh3 Qa7
29. f5 Bh7 30. fxe6 fxe6 31. g5 Bf5 32. Qxh4 cxd4 33. Bxd4 Bc5 34. Ne3 Bg6 35.
Bh5 Qf7 36. Bg4 Qe7 37. Bh5 Be4 38. Be2 Nb4 39. Qh5 Nxa2 40. Bg4 g6 41. Qh3 Qxg5
42. Qg3 Kg7 43. Ra1 Nxc3 44. Bxc5 Nxd1 45. h4 Rh8 46. Ng2 Qd2 47. Nf4 Rxc5 48.
Nxe6+ Kh7 49. Bxd1 Rc1 50. Ng5+ Kh6 51. Nxe4 Qxd1+ 0-1

[Event "Lake Sevan 2016"]
[Site "Martuni ARM"]
[Date "2016.07.22"]
[Round "5.1"]
[White "Ter-Sahakyan, Samvel"]
[Black "Sevian, Samuel"]
[Result "0-1"]
[WhiteTitle "GM"]
[BlackTitle "GM"]
[WhiteElo "2605"]
[BlackElo "2595"]
[WhiteFideId "13302531"]
[BlackFideId "2040506"]
[EventDate "2016.07.18"]

1. e4 e5 2. Nf3 Nc6 3. Bb5 a6 4. Ba4 Nf6 5. d3 d6 6. c4 Bg4 7. h3 Bxf3 8. Qxf3
Nd7 9. Bxc6 bxc6 10. Nc3 Nc5 11. O-O g6 12. b4 Ne6 13. Be3 Bg7 14. a4 O-O 15.
Rab1 Qd7 16. Qd1 f5 17. f3 h5 18. b5 f4 19. Bf2 g5 20. bxc6 Qxc6 21. Nd5 Qe8 22.
c5 dxc5 23. Rc1 c6 24. Nb6 Rd8 25. a5 Kh7 26. Na4 Bh6 27. Nxc5 g4 28. Bh4 Rd6
29. fxg4 hxg4 30. hxg4 Rg8 31. Nxe6 Qxe6 32. g5 Bxg5 33. Qh5+ Bh6 34. Rc5 Qg4
35. Qxg4 Rxg4 36. Be1 Rxd3 37. Rxe5 f3 38. g3 Be3+ 39. Kh2 Rd1 40. Re7+ Kg8 41.
Re8+ Kf7 42. Re5 f2 43. Bxf2 Rxf1 44. Bxe3 Re1 45. Bf4 Rg6 46. Kg2 Re6 47. Rf5+
Ke8 48. e5 c5 49. Kf2 Ra1 50. Ke3 Rxa5 51. Ke4 c4 52. Rh5 c3 53. Kd3 Rc5 54. Kc2
Rb6 55. Bc1 Ra5 56. Rh8+ Kf7 57. Rh7+ Kg8 58. Rc7 Rxe5 59. Kxc3 Reb5 60. Bf4 Kf8
61. Ra7 Ke8 62. Kc4 Rc6+ 63. Kd4 Re6 64. Kc4 Re4+ 65. Kc3 Ra4 66. Bd6 Rb6 67.
Bf4 Rc6+ 68. Kd3 Kd8 69. Be5 Kc8 70. Bf4 Rc5 71. Rh7 Rb4 72. Ra7 a5 73. Bd2 Ra4
74. Bf4 Rc6 75. Be5 Rc1 76. Bf4 Rc5 77. Rh7 Rb4 78. Ra7 a4 79. Ra8+ Kd7 80. Ra6
Rd5+ 81. Kc3 Re4 82. Rb6 Rc5+ 83. Kb2 Rcc4 84. Rd6+ Kc8 85. Rb6 Rcd4 86. Ka2 Rd3
87. Rb8+ Kd7 88. Rb6 Rc4 89. Be5 Rc2+ 90. Rb2 Rc5 91. Bf4 Rc4 92. Rb6 Rf3 93.
Rd6+ Ke7 94. Rb6 Kf7 95. Be5 Rc2+ 96. Rb2 Rc5 97. Bd6 Rc6 98. Bf4 Rcc3 99. Rb5
a3 100. Rb7+ Ke6 101. Rc7 Rf2+ 102. Ka1 Rxc7 103. Bxc7 Kd5 0-1

[Event "Lake Sevan 2016"]
[Site "Martuni ARM"]
[Date "2016.07.22"]
[Round "5.2"]
[White "Artemiev, Vladislav"]
[Black "Gabuzyan, Hovhannes"]
[Result "1-0"]
[WhiteTitle "GM"]
[BlackTitle "GM"]
[WhiteElo "2653"]
[BlackElo "2607"]
[WhiteFideId "24101605"]
[BlackFideId "13303732"]
[EventDate "2016.07.18"]

1. Nf3 c5 2. c4 g6 3. e4 Bg7 4. d4 cxd4 5. Nxd4 Nc6 6. Be3 Nf6 7. Nc3 O-O 8. Be2
d6 9. O-O Bd7 10. Qd2 Nxd4 11. Bxd4 Bc6 12. f3 Nd7 13. Be3 a5 14. b3 Nc5 15.
Rab1 Qb6 16. Rfc1 Rfc8 17. Rc2 Be5 18. Nd5 Qd8 19. Bg5 f6 20. Bh4 e6 21. Nc3 g5
22. Bg3 h5 23. Qe3 Qe7 24. a3 a4 25. b4 Nb3 26. Qd3 Nd4 27. Rcc1 h4 28. Bf2
Nxe2+ 29. Nxe2 Be8 30. Bd4 Rc7 31. Rc3 Rac8 32. Rbc1 Bf7 33. R3c2 Kg7 34. Rc3
Bg6 35. Qe3 Bf4 36. Nxf4 gxf4 37. Qf2 h3 38. Bb6 Rd7 39. Qh4 d5 40. cxd5 Rxc3
41. Rxc3 exd5 42. Rc8 Be8 43. Qg4+ Kh7 44. Qxh3+ Kg7 45. Qg4+ Kh7 46. Qf5+ Kg7
47. Bc5 Qf7 48. e5 1-0

[Event "Lake Sevan 2016"]
[Site "Martuni ARM"]
[Date "2016.07.22"]
[Round "5.4"]
[White "Hovhannisyan, Robert"]
[Black "Vidit, Santosh Gujrathi"]
[Result "1/2-1/2"]
[WhiteTitle "GM"]
[BlackTitle "GM"]
[WhiteElo "2640"]
[BlackElo "2658"]
[WhiteFideId "13302507"]
[BlackFideId "5029465"]
[EventDate "2016.07.18"]

1. e4 e5 2. Nf3 Nc6 3. Nc3 Nf6 4. d4 exd4 5. Nxd4 Bb4 6. Nxc6 bxc6 7. Bd3 d5 8.
exd5 cxd5 9. O-O O-O 10. a3 Be7 11. Bf4 c5 12. Re1 Be6 13. Qd2 Qd7 14. Rad1 Rad8
15. h3 d4 16. Ne4 c4 17. Bf1 Qb7 18. Nxf6+ Bxf6 19. Qb4 Qxb4 20. axb4 Bf5 21.
Rd2 g5 22. Bh2 c3 23. bxc3 dxc3 24. Rde2 Rd2 25. Be5 Bxe5 26. Rxe5 Bg6 27. Rxg5
Rxc2 28. Rc5 Rd8 29. Re3 Rb2 30. Rexc3 Rd1 31. Rc1 Rxc1 32. Rxc1 Rxb4 33. Ra1
Rb1 34. Rxb1 Bxb1 35. Ba6 Kf8 36. f4 Ke7 37. Kf2 Kd6 38. g4 Kc5 39. Ke3 f6 40.
h4 Kb6 41. Bc4 Kc5 42. Ba6 Kd6 43. g5 Ke7 44. Kd4 Kf7 45. Kd5 Bf5 46. Kd6 fxg5
47. hxg5 Kg6 48. Ke5 Bc2 49. Bb5 a5 50. Be8+ Kg7 51. Kd4 h6 52. gxh6+ Kxh6 53.
Kc5 Bg6 54. Bd7 Kh5 55. f5 Bxf5 1/2-1/2

[Event "Lake Sevan 2016"]
[Site "Martuni ARM"]
[Date "2016.07.22"]
[Round "5.5"]
[White "Onischuk, Vladimir"]
[Black "Anton Guijarro, David"]
[Result "1/2-1/2"]
[WhiteTitle "GM"]
[BlackTitle "GM"]
[WhiteElo "2615"]
[BlackElo "2627"]
[WhiteFideId "14114038"]
[BlackFideId "2285525"]
[EventDate "2016.07.18"]

1. Nf3 Nf6 2. c4 e6 3. g3 d5 4. Bg2 dxc4 5. Qa4+ c6 6. Qxc4 b5 7. Qc2 Bb7 8. Nc3
a6 9. a4 Nbd7 10. O-O Rc8 11. b3 Be7 12. Bb2 Qb6 13. Rfc1 O-O 14. Ne1 b4 15. Nd1
c5 16. Ne3 Bxg2 17. Nc4 Qb7 18. Nxg2 Rfd8 19. Nge3 Nf8 20. Qd1 Ne4 21. Rc2 Bg5
22. Qf1 Bxe3 23. fxe3 f6 24. Rac1 Ng5 25. Qg2 Qxg2+ 26. Kxg2 e5 27. Na5 Nfe6 28.
d3 Rc7 29. Rc4 Nf7 30. Kf2 Nd6 31. R4c2 Nb7 32. Nc4 Kf7 33. Rf1 Ke7 34. h4 h5
35. Rg1 Rg8 36. Rcc1 Rcc8 37. Ke1 g5 38. hxg5 Rxg5 39. Kd2 Rcg8 40. Rh1 Nd6 41.
Nb6 e4 42. Rcf1 R8g6 43. Rf2 Ng7 44. Rh4 exd3 45. exd3 Ke6 46. e4 Rxg3 47. Nd5
Kf7 48. Rhf4 f5 49. Ne3 Rh3 50. Bxg7 Rxg7 51. e5 Rgg3 52. Re2 Nb7 53. Rxf5+ Ke8
54. e6 Na5 55. Nd5 Nxb3+ 56. Ke1 Rh1+ 57. Kf2 Rg7 58. e7 Rh2+ 59. Kf1 Rh1+ 60.
Kf2 Rh2+ 61. Kf1 Rh1+ 1/2-1/2